• 首页
  • 本馆介绍
  • 公告通知
  • 最新文献
  • 馆藏检索
  • 电子资源
  • 读者导购
  • 参考咨询
  • 我的图书馆
  • 登录
  • 详细信息显示
  • 放入我的书架
  • 预约/预借图书
  • 作者相关作品
  • 分类相关作品
  • 丛书相关作品
  • 出版社相关作品

书目信息

  • 表格格式
  • 工作单格式
  • 卡片格式
题名:
服饰史话
    
 
作者: 赵联赏
分册:  
出版信息: 北京   中国大百科全书出版社  2003.01
页数: 199页
开本: 17cm
丛书名: 中华文明史话
单 册:
中图分类: K892.23
科图分类:
主题词: 服饰--中国--历史
电子资源:
ISBN: 7-5000-6338-5
000 00750nam 2200265 45
001 073000000408
005 20040117131301.0
010    @a7-5000-6338-5@dCNY14.96
099    @aCAL 012000889398
100    @a20050117d2003 em y0chiy0120 ea
101 0  @achi
102    @aCN@b110000
105    @aa a 000yy
200 1  @a服饰史话@AFu Shi Shi Hua@f赵联赏
210    @a北京@c中国大百科全书出版社@d2003.01
215    @a199页@c图@d17cm
225 2  @a中华文明史话@AZhong Hua Wen Min Shi Hua
320    @a有书目(第197-199页)
410  1 @12001 @a中华文明史话
606 0  @a服饰@y中国@x历史
690    @aK892.23@v4
701  0 @a赵联赏@AZhao Lian Shang
801  0 @aCN@bECN@c20001027
905    @aBZT@dK892.23@e1
906    @dCNY748.00(全套)@n0@r1
    
    服饰史话/赵联赏.-北京:中国大百科全书出版社,2003.01
    199页:图;17cm.-(中华文明史话)
    丛编说明:
    
    ISBN 7-5000-6338-5:CNY14.96
    
●
相关链接 在五车中查询图书 在当当中查询图书 在豆瓣中查询图书


正题名:服饰史话     索取号:K892.23/1         预约/预借

序号 登录号 条形码 馆藏地/架位号 状态 备注
1 404646   210335859   中心书库南/015架A面5层4列/ [索取号:K892.23/1] 在馆    
2 404647   210335840   中心书库南/015架A面5层4列/ [索取号:K892.23/1] 在馆    
3 404648   210335831   中心书库南/015架A面5层4列/ [索取号:K892.23/1] 在馆    
4 404649   210335822   中心书库南/015架A面5层4列/ [索取号:K892.23/1] 在馆    
5 404650   210335813   中心书库南/015架A面5层4列/ [索取号:K892.23/1] 在馆    
6 404651   210335804   中心书库南/015架A面5层4列/ [索取号:K892.23/1] 在馆    
7 404652   210335797   中心书库南/015架A面5层4列/ [索取号:K892.23/1] 在馆    
8 404653   210335788   中心书库南/015架A面5层4列/ [索取号:K892.23/1] 在馆    
9 404654   210335779   中心书库南/015架A面5层4列/ [索取号:K892.23/1] 在馆    
10 404655   210335760   中心书库南/015架A面5层4列/ [索取号:K892.23/1] 在馆    
山东省滨州职业学院图书馆 欢迎您!
大连网信软件有限公司© 版权所有